000
00300nam a22001337a 4500
008
170127b xxu||||| |||| 00| 0 eng d
020
_a
9780683073850
041
_a
eng
080
_a
61
100
_a
3
101
_a
shm
245
_a
PRINCIPLES OF TRANSFUSION MEDICINE
_c
ROSSI, E.C
942
_2
udc
_c
BK
999
_c
3905
_d
3905